00508nam a2200181 a 4500001001300000003000900013005001700022008004100039020001000080082001400090100002800104245006900132260004400201300000800245500003500253505001000288700002800298nice12345678IN_TiNIC20260116011759.0050524s1942 luca grp 000 0 eng  ac10000a201bBAD1 aBadley, Brenton Thoburn aMaking of a Bishopb Life Story of Bishop Jashwant Rao Chitambar aLucknowbLucknow Publishing Housec1942 a62p aincludes index and biblioraphy2 aIndex1 aBadley, Brenton Thoburn